| Tag |
First Indicator |
Second Indicator |
Subfields |
| LEADER |
00000cam a2200000I 4500 |
| 001 |
in00001768821 |
| 005 |
20151025072325.0 |
| 008 |
720323s1958 nyu b 001 0 eng |
| 010 |
|
|
|a 58004468
|
| 035 |
|
|
|a (OCoLC)ocm00269690
|
| 040 |
|
|
|a DLC
|c WSU
|d SER
|d LAS
|d TXA
|d UtOrBLW
|
| 049 |
|
|
|a TXAM
|
| 050 |
0 |
0 |
|a PS379
|b .A5 1958
|
| 100 |
1 |
|
|a Aldridge, John W.
|
| 245 |
1 |
0 |
|a After the lost generation :
|b a critical study of the writers of two wars /
|c by John W. Aldridge.
|
| 264 |
|
1 |
|a New York :
|b Noonday Press,
|c 1958.
|
| 300 |
|
|
|a 263 pages ;
|c 21 cm.
|
| 336 |
|
|
|a text
|b txt
|2 rdacontent
|
| 337 |
|
|
|a unmediated
|b n
|2 rdamedia
|
| 338 |
|
|
|a volume
|b nc
|2 rdacarrier
|
| 504 |
|
|
|a Includes bibliographical references and index.
|
| 505 |
0 |
|
|a [Lost generation] -- Disillusion and separate peace -- Exile -- Hemingway : nightmare and the correlative of loss -- Fitzgerald : the horror and the vision of paradise -- Dos Passos : the energy of despair -- [New writers of the forties] -- Search of values -- Neo-Hemingways : and the failure of protest -- Vance Bourjaily : two worlds of Skinner Galt -- Mailer, Burns, and Shaw : naked zero -- Merle Miller : journalist of sham -- Gore Vidal : search for a king -- Paul Bowles : cancelled sky -- Capote and Buechner : escape into otherness -- The younger writer in America.
|
| 536 |
|
|
|a From the Library of Harrison T. Meserole, 2002.
|
| 650 |
|
0 |
|a American fiction
|y 20th century
|x History and criticism.
|
| 948 |
|
|
|a cataloged
|b h
|c 2003/6/12
|d c
|e rdavis
|f 2:17:32 pm
|
| 994 |
|
|
|a E0
|b TXA
|
| 999 |
|
|
|a MARS
|
| 999 |
f |
f |
|s b2209937-570c-3740-9ca8-81c842c2d0c6
|i e0d8c841-6e91-3a18-ae26-c631cdeaf80e
|t 0
|
| 952 |
f |
f |
|p ric
|a Texas A&M University
|b Rellis Campus
|c Joint Library Facility
|d Remote Storage
|t 0
|e PS379 .A5 1958
|h Library of Congress classification
|i unmediated -- volume
|m A14830252896
|
| 998 |
f |
f |
|a PS379 .A5 1958
|t 0
|l Remote Storage
|